Iver B. Neumann, Diplomatic Sites. A Critical Enquiry, Londres, Hurst & Company, 2013..Rosa Balfour, Caterina Carta & Kristi Raik, The European External Action Service and National Foreign Ministries. Convergence or Divergence?, Farnham, Ashgate, 2015. (notice n° 1656206)

détails MARC
000 -LEADER
fixed length control field 02077cam a2200169 4500500
005 - DATE AND TIME OF LATEST TRANSACTION
control field 20260208010344.0
041 ## - LANGUAGE CODE
Language code of text/sound track or separate title fre
042 ## - AUTHENTICATION CODE
Authentication code dc
100 10 - MAIN ENTRY--PERSONAL NAME
Personal name Clerc, Louis
Relator term author
245 00 - TITLE STATEMENT
Title Iver B. Neumann, Diplomatic Sites. A Critical Enquiry, Londres, Hurst & Company, 2013..Rosa Balfour, Caterina Carta & Kristi Raik, The European External Action Service and National Foreign Ministries. Convergence or Divergence?, Farnham, Ashgate, 2015.
260 ## - PUBLICATION, DISTRIBUTION, ETC.
Date of publication, distribution, etc. 2016.<br/>
500 ## - GENERAL NOTE
General note 65
520 ## - SUMMARY, ETC.
Summary, etc. La compréhension de l’assistance secrète offerte par les États-Unis à la France pour le développement de son armement nucléaire durant les années 1970 impose de dissocier les niveaux politique et exécutif. Au niveau exécutif, la nature technocratique de cette assistance se révèle extrêmement bénéfique pour les Français. Une mise en contexte historique de cette technocratie et une relecture des archives disponibles concernant l’assistance permettent de démontrer l’influence positive de certains technocrates américains, en particulier celle de John Foster Jr., à l’époque numéro trois du département de la Défense, que cela concerne les relations avec les Français ou la synergie avec le Conseil de sécurité nationale.
520 ## - SUMMARY, ETC.
Summary, etc. Understanding the U.S. secret assistance to the French nuclear program in the 1970s requires distinguishing the political and executive levels. At the executive level, the technocratic nature of that assistance was extremely beneficial for the French. The historical context of this technocracy and a rereading of available archives on the assistance demonstrate the influence – regarding the relation with the French or the synergy with the National Security Council – of some American technocrats, especially that of John Foster Jr., who headed with others the Department of Defense.
786 0# - DATA SOURCE ENTRY
Note Relations internationales | 165 | 1 | 2016-05-11 | p. 139e-156e | 0335-2013
856 41 - ELECTRONIC LOCATION AND ACCESS
Uniform Resource Identifier <a href="https://shs.cairn.info/revue-relations-internationales-2016-1-page-139e?lang=fr&redirect-ssocas=7080">https://shs.cairn.info/revue-relations-internationales-2016-1-page-139e?lang=fr&redirect-ssocas=7080</a>

Pas d'exemplaire disponible.

PLUDOC

PLUDOC est la plateforme unique et centralisée de gestion des bibliothèques physiques et numériques de Guinée administré par le CEDUST. Elle est la plus grande base de données de ressources documentaires pour les Étudiants, Enseignants chercheurs et Chercheurs de Guinée.

Adresse

627 919 101/664 919 101

25 boulevard du commerce
Kaloum, Conakry, Guinée

Réseaux sociaux

Powered by Netsen Group @ 2025